Atharva veda samhita/ (Record no. 146658)

000 -LEADER
fixed length control field 00321nam a22001571a 4500
082 ## - DEWEY DECIMAL CLASSIFICATION NUMBER
Classification number 294.592 15
Item number
100 ## - MAIN ENTRY--PERSONAL NAME
Personal name
245 ## - TITLE STATEMENT
Title Atharva veda samhita/
Statement of responsibility, etc.
260 ## - PUBLICATION, DISTRIBUTION, ETC.
Place of publication, distribution, etc.
Name of publisher, distributor, etc.
Date of publication, distribution, etc.
300 ## - PHYSICAL DESCRIPTION
Extent
650 ## - SUBJECT ADDED ENTRY--TOPICAL TERM
Topical term or geographic name entry element Atharvaveda
650 ## - SUBJECT ADDED ENTRY--TOPICAL TERM
Topical term or geographic name entry element Vedic Literature
650 ## - SUBJECT ADDED ENTRY--TOPICAL TERM
Topical term or geographic name entry element Hinduism
650 ## - SUBJECT ADDED ENTRY--TOPICAL TERM
Topical term or geographic name entry element Religion
942 ## - ADDED ENTRY ELEMENTS (KOHA)
Koha item type Book
Holdings
Withdrawn status Lost status Damaged status Not for loan Permanent Location Current Location Shelving location Date acquired Cost, normal purchase price Total Checkouts Full call number Barcode Date last seen Price effective from Koha item type
        RC Thuravoor RC Thuravoor   04.02.2019 250.00   294.592 15 TH004730 04.02.2019 04.02.2019 Book